| 000 | 00644nam a2200193 i 4500 | ||
|---|---|---|---|
| 001 | 149387 | ||
| 003 | ES-MaACL | ||
| 005 | 20231226165154.0 | ||
| 007 | t| | ||
| 008 | 071022q1957 sp |||| | spa d | ||
| 100 | 1 |
_aVarela, José Luis. _9113137 |
|
| 245 | 1 | 0 |
_aFortuna de Menéndez Pelayo en el hispanismo alemán / _cJosé Luis Varela. |
| 260 |
_a[S.l. : _bs.n., _c1957] |
||
| 300 |
_a7 p. ; _c24 cm. |
||
| 595 | _aSeparata de: Cuadernos hispanoamericanos, n. 93, 1957. | ||
| 600 | 1 | 4 |
_aMenéndez y Pelayo, Marcelino, _d1856-1912- _xCrítica e interpretación _980334 |
| 852 |
_aES-MaACL _j2006-F-28 |
||
| 999 |
_c149387 _d149387 |
||